000 00652nam a2200241Ia 4500
003 OSt
005 20221005122414.0
006 a|||||r|||| 00| 0
007 ta
008 221004b |||||||| |||| 00| 0 mal d
024 _a56990
037 _cTextual
040 _aCRL
_cCRL
_bmal
041 _2mal
_amal
082 _aO32,2NSU,2, H5
100 _aNair Thikkurissi Sukumaran Au.
_9631924
245 0 _aJeevitha yatra
260 _c1945
650 _a MALAYALAM LITERATURE
_938866
650 _aMALAYALAM DRAMA
_9207189
942 _hO32,2NSU,2, H5
_cTEXL
_2cc
999 _c1044181
_d1044181